000 00261nam a2200085Ia 4500
008 170620s9999 xx 000 0 und d
100 _aSharma- B. M.
245 0 _aGlobal Education Series-15-Theory of Educational Administration
260 _bNew Delhi- Commonwealth Publishers
260 _c2006
999 _c24618
_d24618